Bienvenue à la Médiathèque de Saint-Andiol
banniere
Accueil Recherche avancée Mon compte
handi1 Rechercher dans le catalogue

Filtre   Mots-clés
  Recherche avancée
 
Lister les dernières nouveautés
 
Lister les livres GROS CARACTERES
 
Lister les périodiques (magazines)

handi1 Terre de tous les possibles (La)

<< Retourner aux résultats de la recherche
Book Cover
Auteur principal : Anna Jacobs
Autres auteurs : Catherine Delaruelle
Titre : Terre de tous les possibles (La)
Support : Livres
Langue : Francais
Publié : 2025 Archipel Paris
Series : Le Vent de l'espoir
Genre : Roman
Collection : Le Vent de l'espoir
Sujets : Romance historique
Étiquettes :
Pas de tags
LEADER 01567nam0a2200253 450
001 16868230
010 |a 978-2-8098-4768-0  |b br.  |d 22,9 € 
100 |a 20241009d2025 u u0frey01 ba 
101 1 |a fre  |c fre 
102 |a FR 
200 0 |a Terre de tous les possibles (La)  |f Anna Jacobs  |g traduit de l'anglais par Catherine Delaruelle 
207 1 |a   
210 |a Paris  |c Archipel  |d 2025 
215 |a 1 vol. (432 p.)  |d 26 x 15 cm 
225 1 |a Le Vent de l'espoir  |v 02 
330 |a 1876. A dix-huit ans, Cathie, la fille de Liza, aspire à une vie plus palpitante que celle que lui offre le bush australien. Aussi, quand son oncle lui propose de venir dans le Lancashire, la terre natale de sa mère, elle saisit sa chance et s'enfuit de chez elle... ignorant qu'il l'utilise en réalité pour se venger de Liza. Agressée sur les quais à Liverpool, Cathie parvient miraculeusement à trouver refuge auprès de l'homme qui l'a sauvée. Mais celui-ci doit faire face à ses propres démons. Alors qu'elle apprend à connaître sa famille maternelle, Cathie découvre aussi le passé de sa mère et les raisons qui, vingt ans plus tôt, l'ont poussée à fuir. Des secrets qui pourraient aujourd'hui menacer le bonheur de la jeune femme et de ses proches.. 
461 0 |t Le Vent de l'espoir  |v 02 
610 0 |a Romance historique 
676 |a 823 
700 0 |a Jacobs  |b Anna  |4 70 
702 0 |a Delaruelle  |b Catherine  |4 730 
900 |a Roman 
901 |a Adultes 
995 |a Médiathèque  |c Médiathèque  |f 00156012553202  |h 00156012553202  |k R JAC VEN 2  |o p  |q a  |r az  |e Médiathèque